=LDR 00000nam 2200000 4500 =001 INLIS000000000000294 =005 20150306081801.0 =006 =007 =008 Ind =035 ##$$0010-061300000000294 =041 ##$$a Ind =082 ##$$a 633.18 =090 ##$$a 33.18 Sup m =100 ##$$a Supriadiputra, Sudirman =245 ##$$a Mina padi, budidaya ikan bersama padi / Sudirman Supriadiputra, Ade Iwan Setiawan =260 ##$$a Jakarta $b Penebar Swadaya $c 1994 =300 ##$$a viii,73 hlm. : ilus. ; 21 cm =650 ##$$a Padi =700 ##$$a Setiawan, Ade Iwan =850 ##$$a NBPNMAT